Know What Matters (Record no. 11487)
[ view plain ]
| 000 -LEADER | |
|---|---|
| fixed length control field | 01822nam a22001577a 4500 |
| 020 ## - INTERNATIONAL STANDARD BOOK NUMBER | |
| ISBN | 9798212916813 |
| 082 ## - DEWEY DECIMAL CLASSIFICATION NUMBER | |
| Classification number | 658.4 |
| 100 ## - MAIN ENTRY--AUTHOR NAME | |
| Personal name | Ron, Shaich. |
| 245 ## - TITLE STATEMENT | |
| Title | Know What Matters |
| Sub Title | Lessons from a Lifetime of Transformations |
| 260 ## - PUBLICATION, DISTRIBUTION, ETC. (IMPRINT) | |
| Place of publication | United States |
| Name of publisher | Ascent Audio |
| Year of publication | 2023 |
| 300 ## - PHYSICAL DESCRIPTION | |
| Number of Pages | 8 CDs |
| 520 ## - SUMMARY, ETC. | |
| Summary, etc | Ron Shaich is a business visionary who has been part of building three iconic restaurant brands: Au Bon Pain, Panera Bread, and now Cava. Along the way, he developed "fast casual," a $100 billion-plus segment of the industry. Now he reveals what he learned about entrepreneurship, running large enterprises, business transformation, and life itself. He illustrates these lessons with his experiences turning a small cookie store into 2,400 restaurants with $5 billion in revenue, delivering annual investor returns of 25% over two decades, and outperforming both Starbucks and Chipotle. How did Shaich succeed repeatedly in such a tough industry? By discovering today what will matter tomorrow and never hesitating to undertake sweeping transformations to get the job done.<br/><br/>Telling yourself the truth, knowing what really matters, and getting it done is the path to creating and sustaining a meaningful life, a market-leading business, and even a healthier society. Shaich's reflections are sometimes practical ("Make smart bets"), sometimes philosophical ("Conduct an annual pre-mortem"), often challenging ("You don't own the business, the business owns you"), and always incisive ("You take the money, I'll take control."). Know What Matters is a powerful guide to building transformative businesses while leading a life you respect and leaving a positive impact on the world. |
| 650 ## - SUBJECT ADDED ENTRY--TOPICAL TERM | |
| Topical Term | Entrepreneurship Leadership Business transformation Success in business |
| 942 ## - ADDED ENTRY ELEMENTS (KOHA) | |
| Koha item type | Audio Book |
| Withdrawn status | Lost status | Damaged status | Not for loan | Permanent Location | Current Location | Date acquired | Full call number | Accession Number | Price effective from | Koha item type |
|---|---|---|---|---|---|---|---|---|---|---|
| UONGOZI Institute Resources Centre - Dar es Salaam | UONGOZI Institute Resources Centre - Dar es Salaam | 05/09/2026 | 658.4 | UR010659 | 05/09/2026 | Audio Book |
